00266nam a2200085 4500082001400000084002500014100001300039245004400052260008400096 a660.6 BAB 2Colon Classification aBabita S aMicrobial Pigment Production/cBabita S aRegional Research Laboratory, CSIR, Pappanamcode;bUniversity of Kerala:c2007.